| 000 | 00653nam a22001577a 4500 | ||
|---|---|---|---|
| 005 | 20250903094927.0 | ||
| 008 | 240830b ||||| |||| 00| 0 eng d | ||
| 082 | _aDPer 364.05 P538 2020 v. 1 iss. 1-2 | ||
| 100 |
_aRefugio, Mark Anthony L. _eauthor. _959469 |
||
| 245 |
_aA case study on the use of force among police patrol personnel in Davao city / _cMark Anthony L. Refugio. |
||
| 260 |
_aPhilippines ; _bChapterhouse Publishing Inc. , _c2020. |
||
| 300 |
_aVolume 1, pages 11-20 ; _c26 cm. |
||
| 500 | _aPhilippine Criminology Journal, vol. 1, iss. 2, pages 11-20, 2020. | ||
| 700 |
_aRefugio, Mark Anthony L. _eauthor. _959469 |
||
| 942 |
_2ddc _cPER |
||
| 999 |
_c21073 _d21073 |
||